[Event "Elit(LASK-Limhamn)"]
[Site "?"]
[Date "2007.03.03"]
[Round "8"]
[White "Hector, Jonny"]
[Black "Semcesen, Daniel"]
[Result "1-0"]
[WhiteElo "2638"]
[BlackElo "2411"]
[PlyCount "146"]
[EventDate "2007.??.??"]

1. e4 e5 2. d4 Nf6 3. dxe5 Nxe4 4. Bc4 c6 5. Qe2 Nc5 6. Be3 b5 7. Bb3 Be7 8.
Nd2 O-O 9. Bxc5 Bxc5 10. Ne4 Qe7 11. Nxc5 Qxc5 12. O-O-O a5 13. a3 a4 14. Ba2
b4 15. Qc4 Qxe5 16. Qxb4 Qg5+ 17. Kb1 Qxg2 18. Ne2 d5 19. Rhg1 Qxf2 20. Ng3 Bf5
21. Qc3 Bg6 22. h4 d4 23. Qd2 Qxd2 24. Rxd2 h5 25. Rxd4 Kh7 26. Bc4 Ra5 27. Ne2
Re5 28. Nf4 Be4 29. Rg5 Rxg5 30. hxg5 Bf5 31. Nxh5 Kg6 32. Be2 Re8 33. Ng3 Kxg5
34. Rxa4 Be6 35. Ne4+ Kg6 36. Nc5 Bd5 37. Bd3+ f5 38. Kc1 Kf6 39. c4 Bf7 40.
Ra8 Kg5 41. Ra7 Rf8 42. a4 Kf4 43. a5 g5 44. Re7 g4 45. Bf1 Kg3 46. Kd2 Kf2 47.
Be2 f4 48. Nd3+ Kg3 49. Ne5 f3 50. Nxf7 fxe2 51. b4 Kf2 52. Rxe2+ Kf1 53. Ne5
g3 54. Re1+ Kg2 55. b5 cxb5 56. cxb5 Rd8+ 57. Kc3 Kf2 58. Ra1 g2 59. Nd3+ Kg3
60. a6 Nxa6 61. bxa6 Ra8 62. Nc1 Kf3 63. Nb3 Kf2 64. Ra2+ Kf1 65. Nd2+ Kf2 66.
Nc4+ Kf3 67. Ne5+ Kg3 68. Ra1 Kf2 69. Ng4+ Kf3 70. Ne5+ Kf2 71. Nd3+ Kg3 72.
Nc1 Kf2 73. Nd3+ Kg3 1-0

[Event "Elit(LASK-Limhamn)"]
[Site "?"]
[Date "2007.03.03"]
[Round "8"]
[White "Tikkanen, Hans"]
[Black "Schneider, Stefan"]
[Result "1-0"]
[WhiteElo "2430"]
[BlackElo "2461"]
[PlyCount "95"]
[EventDate "2007.??.??"]

1. d4 d5 2. c4 c6 3. Nc3 Nf6 4. Nf3 a6 5. a4 e6 6. Bg5 Nbd7 7. e3 Bb4 8. cxd5
exd5 9. Bd3 O-O 10. Qc2 h6 11. Bh4 Re8 12. O-O a5 13. h3 Be7 14. Bg3 Nb8 15.
Rac1 Na6 16. Qd1 Nb4 17. Bb1 Bd6 18. Ne5 Qe7 19. f4 Qf8 20. Bh4 Nd7 21. Qh5 Be7
22. Bf2 Nf6 23. Qf3 g6 24. g4 Qg7 25. Ne2 h5 26. gxh5 Nxh5 27. Kh2 Nf6 28. Rg1
Ne4 29. Bxe4 dxe4 30. Qxe4 Bf5 31. Qf3 Nd3 32. Nxd3 Bxd3 33. Ng3 Qh6 34. e4 Ba6
35. Be3 Qh7 36. f5 Kh8 37. f6 Bf8 38. e5 Rad8 39. Ne4 Bh6 40. Rc3 Rd5 41. Rg4
Bxe3 42. Rxe3 Kg8 43. Qf4 Rxd4 44. Rh4 g5 45. Qxg5+ Qg6 46. Qxg6+ fxg6 47. f7+
Kxf7 48. Ng5+ 1-0

[Event "Elit(LASK-Limhamn)"]
[Site "?"]
[Date "2007.03.03"]
[Round "8"]
[White "Jepson, Christian"]
[Black "Niklasson, Christer"]
[Result "1/2-1/2"]
[WhiteElo "2453"]
[BlackElo "2414"]
[PlyCount "105"]
[EventDate "2007.??.??"]

1. d4 f5 2. Nf3 Nf6 3. g3 g6 4. Bg2 Bg7 5. c4 O-O 6. Nc3 d6 7. O-O c6 8. d5 e5
9. dxe6 Bxe6 10. b3 Na6 11. Bb2 Qe7 12. Ng5 Nc5 13. Nxe6 Qxe6 14. Qc2 Rfe8 15.
Rad1 Rad8 16. e3 Nfe4 17. Nxe4 Nxe4 18. Bxg7 Kxg7 19. Rd4 Rd7 20. Rfd1 Kg8 21.
b4 d5 22. cxd5 cxd5 23. Qb3 Red8 24. h3 Kg7 25. b5 Rd6 26. Bf3 h5 27. Kg2 Kh6
28. Kg1 Qe5 29. Bg2 R8d7 30. f4 Qe6 31. g4 b6 32. g5+ Kh7 33. Kh2 Nc5 34. Qc3
Rd8 35. R4d2 Ne4 36. Bxe4 Qxe4 37. Qe5 Qf3 38. Rg1 R8d7 39. Rc2 Rd8 40. Rc7+
R6d7 41. a4 Qe4 42. Rgc1 Qf3 43. R1c2 h4 44. Qe6 Qg3+ 45. Kh1 Qxh3+ 46. Kg1
Qg4+ 47. Kf2 Qg3+ 48. Kf1 Qf3+ 49. Ke1 Qg3+ 50. Kf1 Qf3+ 51. Ke1 Qg3+ 52. Kf1
Qf3+ 53. Ke1 1/2-1/2

[Event "Elit(LASK-Limhamn)"]
[Site "?"]
[Date "2007.03.03"]
[Round "8"]
[White "Lund, Esben"]
[Black "Eriksson, Magnus"]
[Result "1/2-1/2"]
[WhiteElo "2353"]
[BlackElo "2437"]
[PlyCount "120"]
[EventDate "2007.??.??"]

1. d4 d5 2. c4 c6 3. Nf3 Nf6 4. Nc3 dxc4 5. a4 Bf5 6. e3 e6 7. Bxc4 Bb4 8. O-O
O-O 9. Qe2 Bg6 10. Ne5 Nbd7 11. Nxg6 hxg6 12. Rd1 Qa5 13. e4 e5 14. Ba2 Rad8
15. d5 Nb6 16. dxc6 bxc6 17. Bg5 Bxc3 18. Rxd8 Rxd8 19. bxc3 Qxc3 20. Rc1 Qd3
21. Qxd3 Rxd3 22. Bb1 Ra3 23. f4 exf4 24. e5 Nfd5 25. Rxc6 Rc3 26. Rxc3 Nxc3
27. Bc2 Nbxa4 28. Kf2 Nb6 29. Bxf4 Nbd5 30. Bd2 Kf8 31. Bb3 Ke7 32. Ke1 a5 33.
Bxd5 Nxd5 34. Bxa5 Ke6 35. Kf2 Kxe5 36. Bd2 Ke4 37. Bc1 f6 38. Ba3 Nf4 39. Bf8
Ne6 40. Ba3 g5 41. h3 Kf5 42. Kg3 Kg6 43. Bb2 f5 44. Kf3 Nf4 45. Be5 Nd5 46.
Bd4 Nf6 47. Bb2 g4+ 48. hxg4 Nxg4 49. Kf4 Nf6 50. Bd4 Nh5+ 51. Kf3 Kg5 52. Be3+
f4 53. Bd4 g6 54. Be5 Kf5 55. Bc7 g5 56. g4+ fxg3 57. Bxg3 Nf6 58. Bb8 Ne4 59.
Bc7 g4+ 60. Ke3 Nc5 1/2-1/2

[Event "Elit(LASK-Limhamn)"]
[Site "?"]
[Date "2007.03.03"]
[Round "8"]
[White "Penalver, Osmani"]
[Black "Smith, Axel"]
[Result "0-1"]
[WhiteElo "2250"]
[BlackElo "2343"]
[PlyCount "118"]
[EventDate "2007.??.??"]

1. d4 d5 2. c4 c6 3. Nf3 Nf6 4. Nc3 e6 5. e3 Nbd7 6. Be2 Bd6 7. O-O O-O 8. b3
a6 9. Qc2 Qe7 10. e4 Nxe4 11. Nxe4 dxe4 12. Qxe4 e5 13. Bg5 Nf6 14. Bxf6 gxf6
15. Qh4 e4 16. c5 exf3 17. cxd6 Qxe2 18. Rae1 Qc2 19. Re3 Bf5 20. Rxf3 Rad8 21.
Qxf6 Bg6 22. h4 Qe4 23. Rg3 Qd5 24. h5 Qxh5 25. f4 Qd5 26. f5 Rxd6 27. Qg5
Qxd4+ 28. Kh2 Rd5 29. Qh6 Qg7 30. Qe3 Qe5 31. fxg6 hxg6 32. Qxe5 Rxe5 33. Rd3
Rfe8 34. Rd7 R8e7 35. Rfd1 Kg7 36. R1d3 Re2 37. a4 R2e4 38. Rd8 Re3 39. R8d6
Rxd3 40. Rxd3 Re4 41. Kg3 Rb4 42. Kf3 c5 43. Rc3 b5 44. axb5 axb5 45. Ke3 c4
46. bxc4 Rxc4 47. Rxc4 bxc4 48. Kd4 Kf6 49. Kxc4 Ke5 50. Kd3 Kf4 51. Ke2 Kg3
52. Kf1 g5 53. Kg1 g4 54. Kh1 f6 55. Kg1 f5 56. Kh1 f4 57. Kg1 f3 58. Kh1 fxg2+
59. Kg1 Kh3 0-1

[Event "Elit(LASK-Limhamn)"]
[Site "?"]
[Date "2007.03.03"]
[Round "8"]
[White "Dragicevic, Drazen"]
[Black "Nylen, Anders"]
[Result "1/2-1/2"]
[WhiteElo "2303"]
[BlackElo "2266"]
[PlyCount "164"]
[EventDate "2007.??.??"]

1. c4 Nf6 2. Nc3 d5 3. cxd5 Nxd5 4. e4 Nxc3 5. bxc3 g6 6. f4 Bg7 7. Nf3 c5 8.
d4 cxd4 9. cxd4 Nc6 10. e5 Be6 11. Be2 O-O 12. O-O Qd7 13. Be3 Rfd8 14. Kh1
Rac8 15. Qe1 Qd5 16. Ng5 Bf5 17. Bf3 Qa5 18. Qf2 h6 19. Ne4 b6 20. Ng3 Bd3 21.
Rfd1 Bc4 22. f5 Bd5 23. fxg6 fxg6 24. Bxd5+ Qxd5 25. Ne2 Qe4 26. Nf4 Qf5 27.
Qg3 Kh7 28. a3 Na5 29. Rf1 Rf8 30. Rf3 Qe4 31. Raf1 Nc4 32. Bg1 Nd2 33. Re1 Qf5
34. Rd3 Ne4 35. Qe3 Qxf4 36. Qxe4 Qxe4 37. Rxe4 Rf1 38. g4 Rcc1 39. Rg3 Rcd1
40. h3 Kg8 41. Kh2 Kf7 42. Re2 Ke6 43. Rc2 Rc1 44. Rgc3 Rxc2+ 45. Rxc2 Kd7 46.
Kg2 Ra1 47. Rc3 b5 48. Bf2 e6 49. Rf3 Ke8 50. d5 exd5 51. Bxa7 Ra2+ 52. Kf1 b4
53. Bc5 Rxa3 54. Rxa3 bxa3 55. Bxa3 Bxe5 56. Ke2 Bf4 57. Bb2 Kf7 58. Kf3 Bg5
59. Kg3 Ke6 60. Bg7 Kd6 61. h4 Bc1 62. h5 gxh5 63. gxh5 Kc5 64. Kf3 Kc4 65. Bf6
Kd3 66. Be5 Bd2 67. Bg7 Bg5 68. Be5 Be3 69. Bg7 Bg5 70. Be5 Kc4 71. Bg7 d4 72.
Bxd4 Kxd4 73. Kg2 Ke4 74. Kh1 Kf4 75. Kg2 Kg4 76. Kh1 Kxh5 77. Kg2 Kg4 78. Kh1
h5 79. Kg2 h4 80. Kh1 Kg3 81. Kg1 Be3+ 82. Kh1 h3 1/2-1/2

[Event "Elit(Rockaden,Umea-Wasa)"]
[Site "?"]
[Date "2007.03.03"]
[Round "8"]
[White "Malmstig, Erik"]
[Black "Genkin, Michael"]
[Result "1/2-1/2"]
[WhiteElo "2315"]
[BlackElo "2350"]
[PlyCount "150"]
[EventDate "2007.??.??"]

1. d4 Nf6 2. Bg5 d6 3. Bxf6 exf6 4. g3 g6 5. Bg2 Bg7 6. e3 Nc6 7. c4 O-O 8. Ne2
Re8 9. a3 Bg4 10. Nbc3 Qc8 11. h3 Bd7 12. b4 Ne7 13. a4 c5 14. Ne4 Nf5 15. bxc5
dxc5 16. Nxc5 Bc6 17. d5 Bxd5 18. Qxd5 Rd8 19. Qxb7 Qxc5 20. Qb5 Rac8 21. Bd5
Nd6 22. Qxc5 Rxc5 23. Rc1 Rdc8 24. Kd2 Nxc4+ 25. Bxc4 Rxc4 26. Kd3 R4c7 27.
Rxc7 Rxc7 28. Rc1 Rd7+ 29. Nd4 Bf8 30. g4 a5 31. Rc6 Kg7 32. f4 Bb4 33. Kc4 Re7
34. Nc2 Bd2 35. Kd3 Rd7+ 36. Ke2 Bc1 37. Rc5 Rd2+ 38. Kf3 Rh2 39. Ke4 Bd2 40.
Kd3 Rg2 41. Rd5 Rh2 42. h4 Rg2 43. Rb5 Kg8 44. Rb1 Kg7 45. g5 h6 46. Rd1 Bb4
47. Nxb4 axb4 48. gxh6+ Kxh6 49. Kc4 Re2 50. Rd3 Kh5 51. Kxb4 Kxh4 52. a5 g5
53. a6 Ra2 54. Ra3 Rb2+ 55. Kc5 Rb8 56. Kd5 g4 57. a7 Ra8 58. Ke4 f5+ 59. Kxf5
g3 60. e4 g2 61. Ra1 Rxa7 62. Rxa7 g1=Q 63. Rxf7 Qg4+ 64. Ke5 Qg6 65. Rf6 Qe8+
66. Kf5 Qd7+ 67. Ke5 Kg3 68. f5 Qc7+ 69. Rd6 Qc3+ 70. Ke6 Kf4 71. f6 Kxe4 72.
f7 Qc8+ 73. Ke7 Qc7+ 74. Rd7 Qe5+ 75. Kd8 Qb8+ 1/2-1/2

[Event "Elit(Rockaden,Sthlm-Linkoping)"]
[Site "?"]
[Date "2007.03.16"]
[Round "9"]
[White "Rosberg, Simon"]
[Black "Nielsen, Peter Heine"]
[Result "0-1"]
[WhiteElo "2345"]
[BlackElo "2701"]
[PlyCount "128"]
[EventDate "2007.03.17"]
[SourceDate "2007.03.17"]

1. d4 d5 2. c4 c6 3. Nf3 Nf6 4. Qb3 e6 5. Nc3 dxc4 6. Qxc4 b5 7. Qb3 Nbd7 8. g3
a6 9. Bg2 c5 10. O-O Bb7 11. Rd1 c4 12. Qc2 b4 13. Nb1 Rc8 14. Ne5 Bxg2 15.
Kxg2 Qa5 16. Nxd7 Nxd7 17. e4 b3 18. Qd2 Bb4 19. Nc3 O-O 20. Qe3 Bxc3 21. Qxc3
Qxc3 22. bxc3 a5 23. axb3 cxb3 24. Bb2 Nb6 25. Ba3 Rfd8 26. Bc5 Nc4 27. Rdb1
Rb8 28. Ra4 Nd2 29. Rb2 Nxe4 30. Rxa5 Nxc3 31. Ra3 Nd5 32. Raxb3 Rxb3 33. Rxb3
g5 34. h3 Kg7 35. Rb7 Kg6 36. Kf3 Ra8 37. Ra7 Rb8 38. Ra3 Rb2 39. Ra1 h5 40.
Re1 Rb3+ 41. Kg2 h4 42. Bd6 hxg3 43. Bxg3 Rd3 44. Re4 Nf6 45. Re3 Rxd4 46. Be5
Ra4 47. Bxf6 Kxf6 48. Kg3 e5 49. Rb3 Kf5 50. Rc3 Rd4 51. f3 Ke6 52. Rc6+ Rd6
53. Rc3 f5 54. Ra3 Rd2 55. Ra6+ Kd5 56. Ra5+ Kd4 57. Ra4+ Ke3 58. Ra3+ Ke2 59.
Ra5 Ke1 60. Rxe5+ Kf1 61. f4 Rd3+ 62. Kh2 g4 63. hxg4 fxg4 64. Rh5 g3+ 0-1

[Event "Elit(Rockaden,Sthlm-Linkoping)"]
[Site "?"]
[Date "2007.03.16"]
[Round "9"]
[White "Karlsson, Lars"]
[Black "Malesevic, Nedeljko"]
[Result "1/2-1/2"]
[WhiteElo "2531"]
[BlackElo "2342"]
[PlyCount "85"]
[EventDate "2007.??.??"]

1. b3 d5 2. Bb2 Nf6 3. e3 Bf5 4. f4 e6 5. Nf3 Be7 6. Nc3 O-O 7. Ne2 c5 8. Ng3
Bg4 9. Bd3 Nc6 10. O-O Nb4 11. Be2 Ne4 12. a3 Nxg3 13. hxg3 Nc6 14. Rb1 Rc8 15.
d3 Bf6 16. c4 Bxb2 17. Rxb2 Qf6 18. Rc2 d4 19. e4 Bxf3 20. Bxf3 e5 21. Bg4 Rc7
22. Rcf2 Qd6 23. Qd2 a5 24. Bd1 b6 25. f5 Qf6 26. Rf3 h6 27. Kf2 Rd8 28. Rh1
Rd6 29. g4 Qd8 30. g5 Qxg5 31. Qxg5 hxg5 32. Rfh3 Kf8 33. Rh5 Ne7 34. Rxg5 Rh6
35. Rgh5 Ng8 36. g4 f6 37. g5 fxg5 38. Rg1 Nf6 39. Rhxg5 Rh2+ 40. R5g2 Rxg2+
41. Rxg2 Rc8 42. Rg5 Ra8 43. a4 1/2-1/2

[Event "Elit(Rockaden,Sthlm-Linkoping)"]
[Site "?"]
[Date "2007.03.16"]
[Round "9"]
[White "Fransson, Jorgen"]
[Black "Hermansson, Emil"]
[Result "0-1"]
[WhiteElo "2126"]
[BlackElo "2545"]
[PlyCount "102"]
[EventDate "2007.??.??"]

1. d4 Nf6 2. Nf3 d5 3. c4 e6 4. Nc3 c6 5. e3 Nbd7 6. Qc2 Bd6 7. b3 O-O 8. Be2
b6 9. O-O Bb7 10. Bb2 Rc8 11. e4 dxe4 12. Nxe4 Nxe4 13. Qxe4 Nf6 14. Qh4 Nd7
15. Qh3 Re8 16. Rad1 Bf8 17. Rd3 b5 18. Nd2 bxc4 19. Nxc4 Ba6 20. Rfd1 Nb6 21.
Rf3 Rc7 22. Bd3 g6 23. Ne5 Bxd3 24. Rdxd3 Bg7 25. Nxf7 Rxf7 26. Rxf7 Kxf7 27.
Qxh7 Qf6 28. Qh3 Kg8 29. Qg4 Qf5 30. Qd1 Nd5 31. h3 c5 32. Rd2 Rc8 33. dxc5
Bxb2 34. Rxb2 Rxc5 35. Re2 Qg5 36. Re1 Kf7 37. Qe2 Qf5 38. Rd1 Rc2 39. Rd2 Rc1+
40. Kh2 Rc3 41. Rb2 Nf4 42. Qf1 Qd5 43. Rb1 Rc2 44. Rd1 Qc5 45. b4 Qb6 46. Kg1
Qxb4 47. g3 Ne2+ 48. Kh2 Qc5 49. Rd3 Nd4 50. a3 e5 51. Re3 Nf5 0-1

[Event "Elit(Rockaden,Sthlm-Linkoping)"]
[Site "?"]
[Date "2007.03.16"]
[Round "9"]
[White "Olsson, Anders"]
[Black "Klashed, Martin"]
[Result "1-0"]
[WhiteElo "2479"]
[BlackElo "2160"]
[PlyCount "77"]
[EventDate "2007.??.??"]

1. e4 c5 2. Nf3 e6 3. d4 cxd4 4. Nxd4 Nc6 5. Nc3 Qc7 6. g3 a6 7. Bg2 Nf6 8. O-O
Nxd4 9. Qxd4 Bc5 10. Bf4 d6 11. Qd3 h6 12. Na4 e5 13. Nxc5 dxc5 14. Be3 O-O 15.
Rad1 Be6 16. Qc3 b6 17. a4 a5 18. f4 Rad8 19. b3 Rxd1 20. Rxd1 Rd8 21. Re1 Bd7
22. Bc1 Bc6 23. fxe5 Ng4 24. Bb2 Re8 25. e6 fxe6 26. Qf3 Nf6 27. Bxf6 Rf8 28.
Qd3 Rxf6 29. Rd1 e5 30. Bf1 Kh7 31. Bh3 Qb7 32. Bf5+ g6 33. Qd8 Qg7 34. Bh3
Bxe4 35. Rd7 Rf7 36. Rd6 Bxc2 37. Be6 Re7 38. Bg8+ Kh8 39. Bf7+ 1-0

[Event "Elit(Rockaden,Sthlm-Linkoping)"]
[Site "?"]
[Date "2007.03.16"]
[Round "9"]
[White "Carlsson, Ingvar"]
[Black "Engqvist, Thomas"]
[Result "0-1"]
[WhiteElo "2073"]
[BlackElo "2429"]
[PlyCount "62"]
[EventDate "2007.??.??"]

1. e4 c6 2. d4 d5 3. Nc3 dxe4 4. Nxe4 Bf5 5. Ng3 Bg6 6. f4 e6 7. Nf3 Nd7 8. h4
h6 9. Ne5 Nxe5 10. fxe5 Qd5 11. c3 h5 12. Bg5 Ne7 13. Qf3 O-O-O 14. Be2 c5 15.
Qf2 cxd4 16. cxd4 Qxd4 17. Rc1+ Kb8 18. Be3 Qb4+ 19. Kf1 Qxb2 20. Bxa7+ Ka8 21.
Re1 Nc6 22. Bb6 Bb4 23. Bxd8 Bxe1 24. Qxe1 Rxd8 25. Nxh5 Qxe5 26. Ng3 Nd4 27.
h5 Nc2 28. Qc1 Qxg3 29. Rh3 Rd1+ 30. Qxd1 Ne3+ 31. Kg1 Qxg2# 0-1

[Event "Elit(Rockaden,Sthlm-Linkoping)"]
[Site "?"]
[Date "2007.03.16"]
[Round "9"]
[White "Bator, Robert"]
[Black "Wickstrom, Lucas"]
[Result "1-0"]
[WhiteElo "2434"]
[BlackElo "2153"]
[PlyCount "146"]
[EventDate "2007.??.??"]

1. d4 f5 2. g3 Nf6 3. Bg2 g6 4. Nf3 Bg7 5. c4 O-O 6. O-O d6 7. Nc3 Nc6 8. d5
Ne5 9. Nxe5 dxe5 10. Qb3 Kh8 11. Rd1 e4 12. f3 Nh5 13. Nb5 f4 14. g4 e3 15.
gxh5 gxh5 16. Bxe3 fxe3 17. Qxe3 Bxb2 18. Rab1 Bf6 19. Nd4 Rg8 20. Ne6 Qe8 21.
Kh1 Qg6 22. Bh3 Bxe6 23. Qxe6 Qc2 24. Rbc1 Qxa2 25. Bf5 Qb2 26. f4 Rg7 27. Rb1
Qc3 28. Qe4 Rag8 29. Be6 Rb8 30. d6 exd6 31. Rxb7 Re8 32. Rxa7 Rge7 33. Ra8 Qh3
34. f5 Be5 35. Rxe8+ Rxe8 36. Qg2 Qxg2+ 37. Kxg2 c5 38. Rb1 Re7 39. Kf3 Kg7 40.
h3 Kf6 41. Ke4 Rg7 42. Kd5 h4 43. Rb8 Rg3 44. Rf8+ Kg5 45. f6 Bxf6 46. Kxd6 Re3
47. Rg8+ Kh6 48. Bg4 Bd4 49. Bf3 Ra3 50. Kd5 Bf2 51. Bg4 Rg3 52. e4 Rd3+ 53.
Kc6 Rc3 54. Be6 Bd4 55. Kd5 Rg3 56. Bg4 Re3 57. Bf5 Rg3 58. Rc8 Kg5 59. Rf8 Re3
60. Bg4 Bf6 61. Kxc5 Be7+ 62. Kd4 Bxf8 63. Kxe3 Bc5+ 64. Kf3 Bd4 65. Be6 Kf6
66. Bg8 Ke5 67. Bxh7 Bc3 68. Bg8 Be1 69. c5 Bg3 70. Bd5 Kd4 71. c6 Kc5 72. Kg4
Kd6 73. Kf5 Bh2 1-0

[Event "Elit(Rockaden,Sthlm-Linkoping)"]
[Site "?"]
[Date "2007.03.16"]
[Round "9"]
[White "Pettersson, Borje"]
[Black "Blomqvist, Erik"]
[Result "0-1"]
[WhiteElo "1847"]
[BlackElo "2379"]
[PlyCount "52"]
[EventDate "2007.??.??"]

1. e4 c5 2. b3 Nc6 3. Bb2 d6 4. Bb5 Bd7 5. Ne2 Nf6 6. d3 e6 7. O-O Be7 8. Nd2
a6 9. Bxc6 Bxc6 10. f4 d5 11. e5 Ng4 12. Rf3 d4 13. Rg3 Ne3 14. Qc1 Bh4 15.
Rxe3 dxe3 16. Nc4 Bf2+ 17. Kh1 Qh4 18. Nd6+ Ke7 19. Ba3 b6 20. d4 g5 21. c4
Bxg2+ 22. Kxg2 gxf4 23. Qf1 Rhg8+ 24. Kh1 f3 25. Nc3 Rg2 26. Nd5+ Kf8 0-1

[Event "Elit(Rockaden,Sthlm-Linkoping)"]
[Site "?"]
[Date "2007.03.16"]
[Round "9"]
[White "Hedman, Erik"]
[Black "Qwarfort, Fredrik"]
[Result "1-0"]
[WhiteElo "2410"]
[BlackElo "1868"]
[PlyCount "49"]
[EventDate "2007.??.??"]

1. e4 d6 2. d4 Nf6 3. Nc3 g6 4. Bg5 Bg7 5. Qd2 c6 6. a4 Nbd7 7. Nf3 Qa5 8. Rd1
O-O 9. Be2 Qc7 10. O-O a6 11. Rfe1 b5 12. axb5 axb5 13. b4 Nb6 14. Bh6 Bd7 15.
h3 Ra3 16. Bxg7 Kxg7 17. Bd3 Rfa8 18. Nb1 Ra2 19. Ng5 h6 20. Nxf7 Kxf7 21. Qxh6
e5 22. f4 Re8 23. Rf1 exd4 24. e5 Bf5 25. Bxf5 1-0

[Event "Elit(Sollentuna-Astorp)"]
[Site "?"]
[Date "2007.03.16"]
[Round "9"]
[White "Sjodahl, Pontus"]
[Black "Popov, Valerij"]
[Result "1-0"]
[WhiteElo "2474"]
[BlackElo "2647"]
[PlyCount "81"]
[EventDate "2007.??.??"]

1. d4 Nf6 2. c4 e6 3. Nf3 c5 4. d5 b5 5. dxe6 fxe6 6. cxb5 d5 7. Bg5 h6 8. Bh4
Nbd7 9. Qc2 Qa5+ 10. Nfd2 Qxb5 11. e4 Qb6 12. Nc3 Kf7 13. exd5 exd5 14. O-O-O
g5 15. Bg3 Bb7 16. h4 g4 17. h5 Rg8 18. Nc4 Qe6 19. Ne3 Nb6 20. Bd3 d4 21. Bg6+
Kg7 22. Nf5+ Kh8 23. Rhe1 Qc4 24. Nb1 Qxa2 25. Nd6 Bd5 26. Be5 Nbd7 27. Bf4 a5
28. Na3 Ra6 29. Ndc4 a4 30. Bd3 Nxh5 31. Bh2 Re6 32. Rxe6 Bxe6 33. Re1 g3 34.
fxg3 Ng7 35. g4 Be7 36. Qd2 Bg5 37. Bf4 Qb3 38. Bxg5 Bxg4 39. Bxh6 Nh5 40. Re7
Ndf6 41. Ne5 1-0

[Event "Elit(Sollentuna-Astorp)"]
[Site "?"]
[Date "2007.03.16"]
[Round "9"]
[White "Berg, Emanuel"]
[Black "Hoi, Carsten"]
[Result "1-0"]
[WhiteElo "2649"]
[BlackElo "2413"]
[PlyCount "89"]
[EventDate "2007.??.??"]

1. e4 g6 2. d4 Bg7 3. Nc3 d6 4. Be3 c6 5. Qd2 b5 6. h4 h5 7. Nh3 Bxh3 8. Rxh3
Nd7 9. f3 Ngf6 10. O-O-O Qa5 11. Kb1 Rb8 12. Nd5 Qxd2 13. Nxf6+ Nxf6 14. Rxd2
d5 15. Bd3 dxe4 16. fxe4 Ng4 17. Bg1 O-O 18. Be2 Rfd8 19. Ra3 Rb7 20. d5 cxd5
21. Rxd5 Rxd5 22. exd5 Rd7 23. c4 bxc4 24. Bxc4 Ne5 25. Bb3 Nd3 26. Rxa7 Rd8
27. Rxe7 Nxb2 28. d6 Rxd6 29. Rxf7 Kh8 30. Rxg7 Kxg7 31. Kxb2 Rd2+ 32. Kc3 Rxg2
33. Bd4+ Kf8 34. Bf6 Ke8 35. a4 Kd7 36. a5 Kc6 37. a6 Kb6 38. Bc4 Rg3+ 39. Bd3
Rh3 40. Bg5 Ka7 41. Kd4 Rh1 42. Be7 Rd1 43. Bc5+ Ka8 44. Ke3 Re1+ 45. Kf4 1-0

[Event "Elit(Sollentuna-Astorp)"]
[Site "?"]
[Date "2007.03.16"]
[Round "9"]
[White "Jakobsen, Ole"]
[Black "Agrest, Evgenij"]
[Result "0-1"]
[WhiteElo "2380"]
[BlackElo "2671"]
[PlyCount "138"]
[EventDate "2007.??.??"]

1. d4 Nf6 2. c4 e6 3. Nf3 b6 4. Nc3 Bb4 5. Qb3 c5 6. Bg5 Bb7 7. e3 h6 8. Bh4
Nc6 9. Rd1 Na5 10. Qc2 Bxf3 11. gxf3 cxd4 12. Rxd4 Nc6 13. Rd1 Ne5 14. Be2 Rc8
15. Qb3 Be7 16. Bg3 Nc6 17. Nb5 O-O 18. Nd6 Rb8 19. O-O Nh5 20. f4 Nf6 21. f5
e5 22. Bf3 Bxd6 23. Rxd6 Qe7 24. Rfd1 Rbc8 25. Qc3 Rfe8 26. b3 e4 27. Bg2 Ne5
28. Qd4 Nc6 29. Qc3 Nh5 30. Rxd7 Qg5 31. R7d6 Qxf5 32. Qc2 Nxg3 33. hxg3 Qg4
34. R1d2 h5 35. Qd1 Ne5 36. Qxg4 hxg4 37. R2d5 f5 38. a4 Kf7 39. a5 Re6 40.
axb6 axb6 41. Rxe6 Kxe6 42. Rb5 Nd7 43. Bf1 Rc5 44. Rb4 Kd6 45. Ra4 Ra5 46. c5+
Rxc5 47. Ra8 Ne5 48. Kg2 Rc3 49. b4 Rb3 50. Rd8+ Ke6 51. b5 Nd3 52. Bxd3 exd3
53. Rd4 Rxb5 54. Rxd3 Rd5 55. Rb3 b5 56. Rb4 Kd6 57. e4 fxe4 58. Rxe4 Rg5 59.
f4 gxf3+ 60. Kxf3 Rf5+ 61. Kg4 Re5 62. Rd4+ Kc5 63. Rd7 g5 64. Kh5 b4 65. g4 b3
66. Kg6 Kc4 67. Kf6 Rb5 68. Re7 b2 69. Re1 Kb3 0-1

[Event "Elit(Sollentuna-Astorp)"]
[Site "?"]
[Date "2007.03.16"]
[Round "9"]
[White "Ivanov, Sergej"]
[Black "Ivarsson, Stefan"]
[Result "1-0"]
[WhiteElo "2588"]
[BlackElo "2303"]
[PlyCount "109"]
[EventDate "2007.??.??"]

1. d4 f5 2. c4 Nf6 3. Nc3 g6 4. f3 d6 5. e4 Nc6 6. d5 Ne5 7. f4 Nf7 8. Bd3 fxe4
9. Nxe4 Bg7 10. Nf3 O-O 11. O-O c6 12. Nc3 e6 13. dxc6 bxc6 14. Kh1 Rb8 15. Qc2
Re8 16. Be3 a5 17. Rad1 Bd7 18. Rfe1 Qc7 19. b3 c5 20. Ne4 Nxe4 21. Bxe4 a4 22.
Rd3 axb3 23. axb3 Bc6 24. Bd2 Bxe4 25. Rxe4 Ra8 26. Rde3 Ra1+ 27. Re1 Rxe1+ 28.
Rxe1 Qc6 29. h3 Bf8 30. Qd3 Bg7 31. Bc3 Bxc3 32. Qxc3 e5 33. fxe5 dxe5 34. Nxe5
Qf6 35. Qf3 Qg7 36. Nd3 Rxe1+ 37. Nxe1 Qb2 38. Qe3 Qb1 39. Kh2 Kg7 40. Qc3+ Kg8
41. Qe3 Qd1 42. Nf3 Qd6+ 43. Kg1 Nd8 44. Qe8+ Kg7 45. Qe5+ Qxe5 46. Nxe5 Ne6
47. Nd3 Kf6 48. Kf2 Ke7 49. b4 cxb4 50. Nxb4 Kd6 51. Nd3 Nd4 52. Ke3 Ne6 53.
c5+ Ke7 54. Ke4 Nc7 55. Ke5 1-0

[Event "Elit(Sollentuna-Astorp)"]
[Site "?"]
[Date "2007.03.16"]
[Round "9"]
[White "Fagerstrom, Bjorn"]
[Black "Carlsson, Pontus"]
[Result "1/2-1/2"]
[WhiteElo "2238"]
[BlackElo "2629"]
[PlyCount "82"]
[EventDate "2007.??.??"]

1. d4 e6 2. e4 d5 3. Nd2 Be7 4. Ngf3 Nf6 5. Bd3 c5 6. exd5 Qxd5 7. dxc5 Nbd7 8.
Qe2 Nxc5 9. Bb5+ Bd7 10. Bxd7+ Ncxd7 11. O-O Rc8 12. c4 Qh5 13. b3 O-O 14. Bb2
Rfd8 15. Rad1 Nc5 16. Bxf6 Bxf6 17. Ne4 Nxe4 18. Qxe4 b5 19. cxb5 Qxb5 20. h3
Qa5 21. Rxd8+ Rxd8 22. Qc2 g6 23. Rc1 Kg7 24. a4 Qb6 25. Rd1 Rxd1+ 26. Qxd1 Qc5
27. Qd3 h6 28. g4 Qc1+ 29. Kg2 Qb2 30. Qc4 Qa3 31. Qc7 Qxb3 32. Qxa7 e5 33. Qe3
Qd5 34. h4 Qa8 35. Kg3 e4 36. Nd2 Be5+ 37. Kg2 f5 38. gxf5 gxf5 39. f3 Qxa4 40.
fxe4 f4 41. Qd3 Bf6 1/2-1/2

[Event "Elit(Sollentuna-Astorp)"]
[Site "?"]
[Date "2007.03.16"]
[Round "9"]
[White "Ernst, Thomas"]
[Black "Tallinger, Thomas"]
[Result "1-0"]
[WhiteElo "2524"]
[BlackElo "2222"]
[PlyCount "49"]
[EventDate "2007.??.??"]

1. e4 e6 2. d4 d5 3. Nc3 Bb4 4. e5 c5 5. a3 Bxc3+ 6. bxc3 Qc7 7. Qg4 f5 8. Qg3
cxd4 9. cxd4 Ne7 10. c3 O-O 11. Ne2 b6 12. Nf4 Qd7 13. a4 Ba6 14. Bb5 Bxb5 15.
axb5 Rf7 16. h4 a5 17. h5 Ra7 18. h6 g6 19. Rb1 Rc7 20. Ba3 Nc8 21. Rh3 Rc4 22.
Nxg6 hxg6 23. Qxg6+ Kh8 24. Rg3 Qe8 25. h7 1-0

[Event "Elit(Sollentuna-Astorp)"]
[Site "?"]
[Date "2007.03.16"]
[Round "9"]
[White "Petersson, Gosta"]
[Black "Agrest, Svetlana"]
[Result "0-1"]
[WhiteElo "2126"]
[BlackElo "2295"]
[PlyCount "100"]
[EventDate "2007.??.??"]

1. c4 f5 2. b3 e5 3. Bb2 d6 4. g3 Nf6 5. Bg2 Be7 6. e3 c6 7. Ne2 O-O 8. O-O Na6
9. d3 Qe8 10. Nd2 Nc7 11. b4 a5 12. bxa5 Rxa5 13. Qb3 Ne6 14. a4 Kh8 15. Qc3
Ra6 16. a5 Qh5 17. Rae1 Bd8 18. Nb3 f4 19. exf4 exf4 20. gxf4 Nc5 21. Ng3 Qh4
22. Nxc5 dxc5 23. Qe5 Rxa5 24. Qg5 Qxg5 25. fxg5 Ne8 26. f4 Kg8 27. h4 Nd6 28.
Nh5 Nf5 29. Be4 Nd4 30. f5 Bxf5 31. Bxd4 cxd4 32. Bxf5 Raxf5 33. Rxf5 Rxf5 34.
Re8+ Rf8 35. Rxf8+ Kxf8 36. Ng3 b5 37. cxb5 cxb5 38. Ne4 Ke7 39. Kf2 Ke6 40.
Kf3 Ke5 41. Nc5 Kf5 42. Nb3 Bb6 43. Nc1 Ba5 44. Nb3 Bc3 45. Nc5 b4 46. Nb3 g6
47. Nc5 Be1 48. Nb3 Bxh4 49. Nxd4+ Kxg5 50. Nb3 h5 0-1

[Event "Elit(Sollentuna-Astorp)"]
[Site "?"]
[Date "2007.03.16"]
[Round "9"]
[White "Couso, Luis"]
[Black "Bengtsson, Jan"]
[Result "1-0"]
[WhiteElo "2343"]
[BlackElo "2064"]
[PlyCount "91"]
[EventDate "2007.??.??"]

1. e4 c6 2. d4 d5 3. e5 Bf5 4. Nf3 e6 5. Be2 Nd7 6. Nbd2 Ne7 7. Nh4 Bg6 8. Nxg6
hxg6 9. Nf3 c5 10. c3 a6 11. O-O Rc8 12. Bg5 Qb6 13. Qd2 Rc7 14. a3 Nc6 15. b4
cxd4 16. cxd4 Be7 17. Rfd1 Rh5 18. Bxe7 Kxe7 19. g4 Rh8 20. Qg5+ Ke8 21. Rac1
Rc8 22. Kg2 Qd8 23. Qf4 Qe7 24. Rc3 Nb6 25. Rdc1 Kd7 26. b5 axb5 27. Bxb5 Nc4
28. Bxc4 dxc4 29. Rxc4 Rc7 30. Rc5 Ra8 31. R1c3 Ra4 32. Qc1 Kc8 33. Qc2 Ra6 34.
Nd2 Kb8 35. Ne4 Rd7 36. Qb1 Nxd4 37. Rc8+ Ka7 38. Nc5 Rb6 39. Qd1 Rb5 40. Qa4+
Kb6 41. Qa8 Ra5 42. Na4+ Rxa4 43. Qxa4 Rd5 44. R3c4 Nb5 45. Qa8 Qxa3 46. R4c6+
1-0